Retailing management / (Record no. 164)

MARC details
000 -LEADER
fixed length control field 00681nam a22002297a 4500
001 - CONTROL NUMBER
control field 164
005 - DATE AND TIME OF LATEST TRANSACTION
control field 20221127085855.0
008 - FIXED-LENGTH DATA ELEMENTS--GENERAL INFORMATION
fixed length control field 050920s lxxua | 00100|eng d
020 ## - INTERNATIONAL STANDARD BOOK NUMBER
International Standard Book Number 007121481X :
Terms of availability SR130.00
035 ## - SYSTEM CONTROL NUMBER
System control number 177
082 04 - DEWEY DECIMAL CLASSIFICATION NUMBER
Classification number 658.87
Item number L579 2004
100 1# - MAIN ENTRY--PERSONAL NAME
Personal name Levy, Michael.
245 10 - TITLE STATEMENT
Title Retailing management /
Statement of responsibility, etc. Michael Levy, Barton Weitz.
250 ## - EDITION STATEMENT
Edition statement 5th ed.
260 ## - PUBLICATION, DISTRIBUTION, ETC.
Place of publication, distribution, etc. Boston, Mass. :
Name of publisher, distributor, etc. McGraw-Hill,
Date of publication, distribution, etc. 2004.
300 ## - PHYSICAL DESCRIPTION
Extent xxxv, 775 p. :
Other physical details ill. ;
Dimensions 26 cm.
Accompanying material 2CD.
440 #0 - SERIES STATEMENT/ADDED ENTRY--TITLE
Title McGraw-Hill/Irwin series in marketing.
500 ## - GENERAL NOTE
General note Includes index.
650 #4 - SUBJECT ADDED ENTRY--TOPICAL TERM
Topical term or geographic name entry element Sales management.
650 #4 - SUBJECT ADDED ENTRY--TOPICAL TERM
Topical term or geographic name entry element Retail trade
General subdivision Management.
700 1# - ADDED ENTRY--PERSONAL NAME
Personal name Weitz, Barton A.,
Relator term jt. author.
Holdings
Withdrawn status Lost status Source of classification or shelving scheme Damaged status Not for loan Home library Current library Date acquired Total Checkouts Full call number Barcode Date last seen Copy number Price effective from Koha item type
          CENTRAL CENTRAL 11/27/2022   658.87 L579 2004 1000000001202 11/27/2022 C1 11/27/2022 Book
          CENTRAL CENTRAL 11/27/2022   658.87 L579 2004 1000000001203 11/27/2022 C2 11/27/2022 Book
          CENTRAL CENTRAL 11/27/2022   658.87 L579 2004 1000000003830 11/27/2022 C3 11/27/2022 CD
          CENTRAL CENTRAL 11/27/2022   658.87 L579 2004 1000000003828 11/27/2022 C4 11/27/2022 CD
          CENTRAL CENTRAL 11/27/2022   658.87 L579 2004 1000000003829 11/27/2022 C5 11/27/2022 CD